La filosofía : (Record no. 137785)

MARC details
000 -LEADER
fixed length control field nam a22 7a 4500
005 - DATE AND TIME OF LATEST TRANSACTION
control field 20171207122157.0
008 - FIXED-LENGTH DATA ELEMENTS--GENERAL INFORMATION
fixed length control field 171207b sp ||||| |||| 00| 0 spa d
020 ## - INTERNATIONAL STANDARD BOOK NUMBER
International Standard Book Number 9788449326776
050 04 - LIBRARY OF CONGRESS CALL NUMBER
Classification number B77
Item number C66 2012
100 1# - MAIN ENTRY--PERSONAL NAME
Personal name Comte-Sponville, André
245 13 - TITLE STATEMENT
Title La filosofía :
Remainder of title qué es y como se práctica /
Statement of responsibility, etc André Comte-Sponville, tr. Jordi Terré
250 ## - EDITION STATEMENT
Edition statement 1a ed.
260 ## - PUBLICATION, DISTRIBUTION, ETC. (IMPRINT)
Place of publication, distribution, etc Barcelona ; México :
Name of publisher, distributor, etc Paidós,
Date of publication, distribution, etc 2012
300 ## - PHYSICAL DESCRIPTION
Extent 142 p. ;
Dimensions 21 cm
490 ## - SERIES STATEMENT
Series statement Biblioteca André Comte-Sponville
500 ## - GENERAL NOTE
General note traducción de : La philosophie
504 ## - BIBLIOGRAPHY, ETC. NOTE
Bibliography, etc Incluye índice
650 #4 - SUBJECT ADDED ENTRY--TOPICAL TERM
Topical term or geographic name as entry element Filosofía
Geographic subdivision Francia
700 1# - ADDED ENTRY--PERSONAL NAME
Personal name Terré, Jordi
Relator term tr.
942 ## - ADDED ENTRY ELEMENTS (KOHA)
Source of classification or shelving scheme Biblioteca del Cogreso de los Estados Unidos
Koha item type Libro
Holdings
Estado de pérdida Fuente de clasificación Estado del daño No para préstamo Ubicación permanente Ubicación actual Apartado o colección Fecha de adquisición Fuente de adquisición Edición Dependencia de educación superior (DES) Área del conocimiento Clasificación Código de Barras Date last seen Número de copia Tipo de recurso
  Biblioteca del Cogreso de los Estados Unidos     Biblioteca de la Facultad de Filosofía Biblioteca de la Facultad de Filosofía General 07/12/2017 Unidad Académica Genérico 1a ed. Humanidades Educación y Humanidades B77 C66 2012 BFF000028695 07/12/2017 C:1 Libro